| 000 | 01448 a2200181 4500 | ||
|---|---|---|---|
| 003 | Nust | ||
| 005 | 20221012135051.0 | ||
| 010 | _a 2001090358 | ||
| 020 | _a8129701855 | ||
| 040 | _cNust | ||
| 082 | _a005.4469,BOS | ||
| 100 | 1 |
_aBoswell, William, _9100024 |
|
| 245 | 1 | 0 |
_aInside windows 2003 server / _cWilliam Boswell ; [edited by] Stephanie Wall, Gina Brown, Jeff Riley. |
| 260 |
_aIndianapolis, IN : _bNew Riders Publishing, _c2003. |
||
| 300 |
_axxi,1344 p.: _ccm. |
||
| 505 | _aInstalling and Configuring Windows Server 2003 (Page-1), Performing Upgrade and Automated (Page-73), Adding Hardware (Page-123), Managing NetBIOS Name Resolution (Page-173), Managing DNS (Page-219), Understanding Active Directory Services (Page-281), Managing Active Directory Replication (Page-357), Designing Windows Server Domain (Page-419), Deploying Windows Server Domain (Page-459), Active Directory Maintenance (Page-519), Understanding Network Access Security and Kerberos (Page-553), Managing Group Policies (Page-655), Managing Active Directory Security (Page-721), Configuring Data Storage (Page-753), Managing File Systems (Page-801), Managing Shared Resources (Page-875), Managing File Encryption (Page-967), Managing a Public Key Infrastructure (Page-1009), Managing the User Operating Environment (Page-1059), Managing Remote Access and Internet Routing (Page-1117), Recovering from System Failures (Page-1221). | ||
| 942 |
_2ddc _cBK _k005.4469,BOS |
||
| 999 |
_c179904 _d179904 |
||